000 00782nam a2200253Ia 4500
003 OSt
005 20220923224534.0
006 a|||||r|||| 00| 0
007 ta
008 220922b |||||||| |||| 00| 0 hin d
024 _a240,762
037 _cTextual
040 _aARTS
_cARTS
_bhin
041 _2hin
_ahin
082 _aO152,2N1511,HA, L7
100 _aसाहनी, भीष्म
_9156290
245 0 _aहानूश
246 _aHānūsha
260 _aनयी दि़ल्ली
_b राजकमल प्रकाशन
_c1977
300 _a102पृ.
_ccm.
650 _aहिन्दी साहित्य
_9156264
942 _hO152,2N1511,HA, L7
_cTEXL
_2CC
999 _c372065
_d372065